=LDR 00000nam 2200000 4500 =001 INLIS000000000060779 =005 20220325072411 =035 ##$$a 0010-0322000132 =007 ta =008 220325###########################0#ind## =020 ##$$a 978-623-228-526-2 =082 ##$$a 664 =084 ##$$a 664 Did r =100 #$$a Didi Dwi Anggoro =245 1#$$a Rakayasa Zeolit Sintesis Sebagai Katalis Heterogen untuk Konservasi Gliserol Menjadi Emulsifier /$c Didi Dwi Anggoro =260 ##$$a Yogyakarta :$b Graha Ilmu,$c 2020 =300 ##$$a xiv, 104 hlm. : $b Ilus. ; $c 23 Cm. =650 #4$$a Teknoligi Pangan =990 ##$$a 11721172 =990 ##$$a 11721172 =990 ##$$a 11721172 =990 ##$$a 11721172